Catálogo
 En Linea

Coppola. / (Registro nro. 42777)

Detalles MARC
000 -CABECERA
campo de control de longitud fija 00617nam a2200193 a 4500
001 - NÚMERO DE CONTROL
campo de control 000043288
005 - FECHA Y HORA DE LA ÚLTIMA TRANSACCIÓN
campo de control 20201002040806.0
008 - DATOS DE LONGITUD FIJA--INFORMACIÓN GENERAL
campo de control de longitud fija 140304s1992 sp c 001 0 spa d
020 ## - NÚMERO INTERNACIONAL ESTÁNDAR DEL LIBRO
Número Internacional Estándar del Libro 8479540907
040 ## - FUENTE DE LA CATALOGACIÓN
Centro catalogador/agencia de origen DO-SdBNP
Lengua de catalogación spa
Centro/agencia transcriptor BNPHU
100 1# - ENTRADA PRINCIPAL--NOMBRE DE PERSONA
Nombre de persona Cowie, Peter
9 (RLIN) 70910
245 10 - MENCIÓN DE TÍTULO
Título Coppola. /
Mención de responsabilidad, etc. Peter Cowie; traducción Loreto Bravo de Urquía.
260 ## - PUBLICACIÓN, DISTRIBUCIÓN, ETC.
Lugar de publicación, distribución, etc. España, :
Nombre del editor, distribuidor, etc. Prodhufi,
Fecha de publicación, distribución, etc. 1992.
300 ## - DESCRIPCIÓN FÍSICA
Extensión 444 p. :
Otras características físicas retrs. ;
Dimensiones 20 cm.
490 1# - MENCIÓN DE SERIE
Mención de serie Biblioteca de cine
Designación de volumen o secuencia 3
500 ## - NOTA GENERAL
Nota general Incluye datos biografícos del autor.
700 12 - PUNTO DE ACCESO ADICIONAL--NOMBRE DE PERSONA
Nombre de persona Bravo de Urquía, Loreto
Término indicativo de función/relación trad.
9 (RLIN) 70911
830 #0 - PUNTO DE ACCESO ADICIONAL DE SERIE-TÍTULO UNIFORME
Título uniforme Biblioteca de cine
Número de parte o sección de la obra 3
9 (RLIN) 70912
Existencias
Estado de retiro Estado de pérdida Restricciones de uso No para préstamo Código de colección Localización permanente Ubicación/localización actual Ubicación en estantería Fecha de adquisición Número de inventario Total de préstamos Signatura topográfica completa Código de barras Fecha visto por última vez Precio válido a partir de Tipo de ítem Koha
      Excluido de préstamo Monografías: Libros y Folletos General General En catalogación 04.03.2014 LF1   43288-10 25.06.2020 25.06.2020 No se presta

Con tecnología Koha